00638 2200241 4500001002100000005001500021035002000036245007100056100000900127250000600136300003500142700001300177260005700190082000800247084001400255020002200269650002000291990001700311990001700328990001700345990001700362990001700379INLIS00000000000103320190412015520 a0010-04190000421 aCita-Citaku :bAku Ingin Menjadi Arsitek /cTina; Editor, Aminudin0 aTina a- avi, 66 hlm. :bilus. ;c21 cm.0 aAminudin aBandung :bPT Globalindo Uiversal Multikreasi,c2009 a813 a813 TIN c a978-979-749-092-8 aFiksi Indonesia a03796/H/2018 a03797/H/2018 a03798/H/2018 a03799/H/2018 a03800/H/2018